Religious Change in Zambia : (Record no. 612566)

MARC details
000 -LEADER
fixed length control field 00504nam a2200193 a 4500
008 - FIXED-LENGTH DATA ELEMENTS--GENERAL INFORMATION
fixed length control field 260214s1981##################000#0#eng##
020 ## - INTERNATIONAL STANDARD BOOK NUMBER
ISBN 9780710300003
082 04 - DEWEY DECIMAL CLASSIFICATION NUMBER
Classification number 306.6096894
Item number VAN
100 1# - MAIN ENTRY--AUTHOR NAME
Personal name Binsbergen, Wim M. J. van,
245 10 - TITLE STATEMENT
Title Religious Change in Zambia :
260 ## - PUBLICATION, DISTRIBUTION, ETC. (IMPRINT)
Name of publisher Routledge,
Year of publication 1981.
300 ## - PHYSICAL DESCRIPTION
Number of Pages 448 pages
650 #0 - SUBJECT ADDED ENTRY--TOPICAL TERM
Topical Term History.
942 ## - ADDED ENTRY ELEMENTS (KOHA)
Koha item type English Books
Holdings
Withdrawn status Lost status Damaged status Not for loan Home library Current library Shelving location Date acquired Full call number Accession Number Price effective from Koha item type
        Anna Centenary Library Anna Centenary Library 3RD FLOOR, B WING 14.02.2026 306.6096894 VAN 191026 14.02.2026 English Books

Find us on the map